Mysticism in literature / (Record no. 21635)
[ view plain ]
| 000 -LEADER | |
|---|---|
| fixed length control field | 00978cam a2200277 a 4500 |
| 001 - CONTROL NUMBER | |
| control field | 21635 |
| 003 - CONTROL NUMBER IDENTIFIER | |
| rucl marc code | BD-RjUL |
| 005 - DATE AND TIME OF LATEST TRANSACTION | |
| control field | 20211209000718.0 |
| 008 - FIXED-LENGTH DATA ELEMENTS--GENERAL INFORMATION | |
| fixed length control field | 140305s1985 ii b 001 0 eng |
| 035 ## - SYSTEM CONTROL NUMBER | |
| System control number | (BD-RjUL)21700 |
| 040 ## - CATALOGING SOURCE | |
| Original cataloging agency | DLC |
| Transcribing agency | DLC |
| Modifying agency | DLC |
| -- | BD-RjUL |
| Language of cataloging | eng |
| 041 ## - LANGUAGE CODE | |
| Language code of text/sound track or separate title | eng |
| 082 00 - DEWEY DECIMAL CLASSIFICATION NUMBER | |
| Classification number | 821.80938 |
| Edition number | 19 |
| Author mark and year | DHM 1985 |
| 100 1# - MAIN ENTRY--PERSONAL NAME | |
| Personal name | Dhar, A. N., |
| Dates associated with a name | 1929- |
| 9 (RLIN) | 66798 |
| 245 10 - TITLE STATEMENT | |
| Title | Mysticism in literature / |
| Statement of responsibility, etc. | A.N. Dhar ; foreword by Ronald Tamplin. |
| 260 ## - PUBLICATION, DISTRIBUTION, ETC. (IMPRINT) | |
| Place of publication, distribution, etc. | New Delhi : |
| Name of publisher, distributor, etc. | Atlantic Publishers & Distributors, |
| Date of publication, distribution, etc. | c1985. |
| 300 ## - PHYSICAL DESCRIPTION | |
| Pagination | xii, 237 p. ; |
| Size | 23 cm. |
| 504 ## - BIBLIOGRAPHY, ETC. NOTE | |
| Bibliography, etc | Bibliography: p. [225]-232 and index. |
| 600 10 - SUBJECT ADDED ENTRY--PERSONAL NAME | |
| Personal name | Patmore, Coventry, |
| Dates associated with a name | 1823-1896 |
| General subdivision | Criticism and interpretation. |
| Personal name | Thompson, Francis, |
| Dates associated with a name | 1859-1907 |
| General subdivision | Criticism and interpretation. |
| 650 #0 - SUBJECT ADDED ENTRY--TOPICAL TERM | |
| Topical term or geographic name as entry element | English poetry |
| Chronological subdivision | 19th century |
| General subdivision | History and criticism. |
| 9 (RLIN) | 66801 |
| Topical term or geographic name as entry element | Mysticism in literature. |
| 9 (RLIN) | 54103 |
| 942 ## - ADDED ENTRY ELEMENTS (KOHA) | |
| Source of classification or shelving scheme | Dewey Decimal Classification |
| Koha item type | Books |
| Lost status | Source of classification or shelving scheme | Damaged status | Not for loan | Collection code | Permanent Location | Current Location | Shelving location | Date acquired | Source of acquisition | Cost, normal purchase price | Total Checkouts | Full call number | Date last seen | Copy number | Koha item type |
|---|---|---|---|---|---|---|---|---|---|---|---|---|---|---|---|
| Dewey Decimal Classification | Non-fiction | Central Library, University of Rajshahi | Central Library, University of Rajshahi | 22/08/1998 | Dhaka, Ankur prakashani | 434.00 | 821.80938 DHM 1985 | 05/03/2014 | C-3 | Books | |||||
| Dewey Decimal Classification | Not For Loan | Non-fiction | Central Library, University of Rajshahi | Central Library, University of Rajshahi | Reading Room | 22/08/1998 | Ankur Prokasoni, Dhaka | 134.00 | 821.80938 DHM 1985 | 07/03/2017 | C-1 | Books |